Toxicología médica (Record no. 65698)
[ view plain ]
| 000 -LEADER | |
|---|---|
| campo de control de longitud fija | 00862nam a2200205 i 4500 |
| 001 - NÚMERO DE CONTROL | |
| campo de control | 65698 |
| 003 - IDENTIFICADOR DE NÚMERO DE CONTROL | |
| campo de control | ES-MaACL |
| 005 - FECHA Y HORA DE LA ÚLTIMA TRANSACCIÓN | |
| campo de control | 20230906165441.0 |
| 007 - CAMPO FIJO DE DESCRIPCIÓN FÍSICA--INFORMACIÓN GENERAL | |
| campo de control de longitud fija | t| |
| 008 - DATOS DE LONGITUD FIJA--INFORMACIÓN GENERAL | |
| campo de control de longitud fija | 040120s1956 sp ||||1| spa d |
| 100 1# - ENTRADA PRINCIPAL--NOMBRE DE PERSONA | |
| Nombre de persona | Fuehner, Hermann. |
| 9 (RLIN) | 52819 |
| 245 10 - MENCIÓN DEL TÍTULO | |
| Título | Toxicología médica |
| Resto del título | : manual para médicos, farmaceúticos y químicos / |
| Mención de responsabilidad, etc. | por H. Fühner ; refundido por W. Wirth y G. Hecht ; versión española de la 3ª ed. alemana por Adolfo Florensa Goicoechea ; prólogo y revisión por M. Sales Vázquez. |
| 260 ## - PUBLICACIÓN, DISTRIBUCIÓN, ETC. | |
| Lugar de publicación, distribución, etc. | Barcelona : |
| Nombre del editor, distribuidor, etc. | Editorial Científico-Médica, |
| Fecha de publicación, distribución, etc. | 1956 ( |
| Fabricante | Casa Provincial de Caridad, Imp. Escuela) |
| 300 ## - DESCRIPCIÓN FÍSICA | |
| Extensión | XXVII, 275 p. ; |
| Dimensiones | 25 cm. |
| 700 1# - ENTRADA AGREGADA--NOMBRE PERSONAL | |
| Nombre de persona | Hecht, G. |
| 9 (RLIN) | 62271 |
| 700 1# - ENTRADA AGREGADA--NOMBRE PERSONAL | |
| Nombre de persona | Wirth, W. |
| 9 (RLIN) | 117138 |
| 700 1# - ENTRADA AGREGADA--NOMBRE PERSONAL | |
| Nombre de persona | Florensa Goicoechea, Adolfo. |
| 9 (RLIN) | 51248 |
| 700 1# - ENTRADA AGREGADA--NOMBRE PERSONAL | |
| Nombre de persona | Sales Vázquez, Miguel. |
| 9 (RLIN) | 101887 |
| 852 ## - LOCALIZACIÓN | |
| Ubicación | ES-MaACL |
| Número de control de estantería | C-10168 |
| Sublocalización o colección | R.38562 |
| Estatus retirado | Estado de pérdida | Estado de daño | No para préstamo | Biblioteca de origen | Biblioteca actual | Ubicación en estantería | Fecha de adquisición | Fuente de adquisición | Total de préstamos | Signatura topográfica completa | Código de barras | Visto por última vez | Precio de reemplazo | Tipo de ítem Koha |
|---|---|---|---|---|---|---|---|---|---|---|---|---|---|---|
| Biblioteca del Ateneo de Madrid | Biblioteca del Ateneo de Madrid | Sala Palomar | 17/01/2008 | C-10168 | 1068829 | 23/02/2023 | 23/02/2023 | Libro impreso |
